Word Ladder: 1999 Biopic Quiz Stats

Quiz Updated Nov 22, 2016

Challenge
Share
Tweet
Embed
Score 0/20 Timer 03:00
3 Plays Today
Hint 4-Letter Word % Correct
Instrument larger than a celloBASS
96.5%
Superior at workBOSS
95.8%
The do of a lionMANE
94.8%
Finished; completedDONE
94.5%
Corner of a sporting diamondBASE
94.2%
2012 US Republican Presidential candidate RomneyMITT
93.8%
Narrow country roadLANE
93.8%
Life partnerMATE
92.3%
A flying toy with a tailKITE
91%
A relative of a tickMITE
90.8%
Hint 4-Letter Word % Correct
1996 US Republican Presidential candidate BobDOLE
89.9%
Batman villain played by Tom HardyBANE
87.4%
★ Actor McGrath who plays Lonny ★●MATT●
87.4%
★ 1999 Hillary Swank film: '[first rung] ___ Cry' ★●DON'T●
86.3%
Plant in the cabbage familyKALE
85.8%
ValleyDALE
85%
★ Alison Folland plays ____ Lotter ★●KATE●
83.9%
★ 1999 Hillary Swank film: '___ [last rung] Cry' ★●BOYS●
80.5%
Star of 'The Hulk' and 'Munich' EricBANA
69%
★ Chloë Sevigny plays ____ Tisdel ★●LANA●
66.8%

Today's Daily Dose

Word Ladder
Asgardians

On This Day
May 23rd II

You're not logged in!

Compare scores with friends on all Sporcle quizzes.
Join for Free
OR
Log In

You Might Also Like...

Show Comments

Extras

Top Quizzes Today


Score Distribution

Your Account Isn't Verified!

In order to create a playlist on Sporcle, you need to verify the email address you used during registration. Go to your Sporcle Settings to finish the process.

Report this User

Report this user for behavior that violates our Community Guidelines.

Details: